000 00720cam a2200217 4500
008 090401t1994 xxu||||| |||| 00| 0 eng d
020 _a0898620058
035 _a(Sirsi) u49533
041 _aeng
050 _a333.70285
_c18
100 _aObermeyer, Nancy J.
245 _aManaging geographic information systems
260 _aNew York
_bGuilford Press
_c1994
300 _axiii, 226p.
_c23cm.
350 _a32
520 _aAn American text aiming to provide a pratical guide to the implementation of GIS technology.
690 _aENVIRONMENTAL AND LAND CONSULTANCY-GEOMATICS-GEOGRAPHIC INFORMATION SCIENCE-GEOGRAPHIC INFORMATION SYSTEMS
700 _aPinto, Jeffrey K.
942 _n0
948 _c04/03/1997
999 _c92572
_d92572